000 00730nam a22002057a 4500
999 _c17879
_d17879
003 OSt
005 20230127101542.0
008 230127b ||||| |||| 00| 0 eng d
040 _c0
082 _aDPer 910.46 T156 2019 v76PA-76PB
100 _aYen, Chih-Lun Alan
_eauthor.
_947527
245 _aThe effects of hotel attribute performance on electronic word-of-mouth (eWOM) behaviors /
_cChih-Lun Alan Yen, Chun-Hung Hugo Tang.
260 _aAmsterdam :
_bElsevier,
_c©January 2019.
300 _av 76PA, pages 58-70.
650 _aEmployee morale.
_946931
650 _aHospitality industry.
_947528
700 _aYen, Chih-Lun Alan
_eauthor.
_947527
700 _aTang, Chun-Hung Hugo
_eauthor.
_947529
942 _2ddc
_cPER